Los orígenes de la segunda Guerra Mundial / (Record no. 128853)

MARC details
000 -LEADER
campo de control de longitud fija 00672nam a2200205 i 4500
001 - NÚMERO DE CONTROL
campo de control 128853
003 - IDENTIFICADOR DE NÚMERO DE CONTROL
campo de control ES-MaACL
005 - FECHA Y HORA DE LA ÚLTIMA TRANSACCIÓN
campo de control 20230906193356.0
007 - CAMPO FIJO DE DESCRIPCIÓN FÍSICA--INFORMACIÓN GENERAL
campo de control de longitud fija t|
008 - DATOS DE LONGITUD FIJA--INFORMACIÓN GENERAL
campo de control de longitud fija 070529s1963 sp ||||1| spa d
080 ## - NÚMERO DE LA CLASIFICACIÓN DECIMAL UNIVERSAL
Número de la Clasificación Decimal Universal 940.42
100 1# - ENTRADA PRINCIPAL--NOMBRE DE PERSONA
Nombre de persona Taylor, A. J. P.
9 (RLIN) 109432
245 14 - MENCIÓN DEL TÍTULO
Título Los orígenes de la segunda Guerra Mundial /
Mención de responsabilidad, etc. A.J.P. Taylor ; [versión española de Luis del Castillo Aragón].
250 ## - MENCION DE EDICION
Mención de edición [1ª ed.].
260 ## - PUBLICACIÓN, DISTRIBUCIÓN, ETC.
Lugar de publicación, distribución, etc. Barcelona :
Nombre del editor, distribuidor, etc. Luis de Caralt,
Fecha de publicación, distribución, etc. 1963.
300 ## - DESCRIPCIÓN FÍSICA
Extensión 372 p. ;
Dimensiones 20 cm.
650 14 - PUNTO DE ACCESO ADICIONAL DE MATERIA--TÉRMINO DE MATERIA
Término de materia o nombre geográfico como elemento de entrada Guerra mundial, 1939-1945-
Subdivisión general Causas y antecedentes.
9 (RLIN) 13236
700 1# - ENTRADA AGREGADA--NOMBRE PERSONAL
Nombre de persona Castillo Aragón, Luis del.
9 (RLIN) 36726
852 ## - LOCALIZACIÓN
Ubicación ES-MaACL
Número de control de estantería C-24889
Sublocalización o colección R.53627
Holdings
Estatus retirado Estado de pérdida Estado de daño No para préstamo Biblioteca de origen Biblioteca actual Ubicación en estantería Fecha de adquisición Fuente de adquisición Total de préstamos Signatura topográfica completa Código de barras Visto por última vez Precio de reemplazo Tipo de ítem Koha
        Biblioteca del Ateneo de Madrid Biblioteca del Ateneo de Madrid Depósito 2 17/01/2008     C-24889 1134187 23/02/2023 23/02/2023 Libro impreso